[Event "Wch U18 Girls"]
[Site "Khanty-Mansiysk"]
[Date "2016.09.30"]
[Round "8"]
[White "Fuentes Godoy, Lilia Ivonne"]
[Black "Marjina, Arina"]
[Result "1-0"]
[WhiteElo "2142"]
[BlackElo "2076"]
[PlyCount "59"]
[EventDate "2016.09.22"]
[EventType "swiss"]
[EventRounds "11"]
[EventCountry "RUS"]
[SourceTitle "EXT 2017"]
[Source "ChessBase"]
[SourceDate "2016.10.25"]
[SourceVersion "1"]
[SourceVersionDate "2016.10.25"]
[SourceQuality "1"]

1. d4 Nf6 2. c4 e5 3. dxe5 Ng4 4. Nf3 Bc5 5. e3 Nc6 6. Nc3 0-0 7. Be2 Ngxe5 8. 0-0 Re8 9. Nxe5 Nxe5 10. b3 a5 11. Bb2 Ra6 12. Ne4 Ba7 13. Qd5 Rae6 14. c5 Bb8 15. f4 c6 16. Qd4 Rh6 17. Nd6 Bxd6 18. cxd6 c5 19. Qc3 Qh4 20. h3 Rg6 21. fxe5 Qxh3 22. Rf2 b6 23. Qc4 Rf8 24. Bf3 Kh8 25. Kf1 Qh6 26. Qf4 Ba6+ 27. Ke1 Rg5 28. e6 dxe6 29. d7 e5 30. Qxf7 1-0

[Event "Wch U18 Girls"]
[Site "Khanty-Mansiysk"]
[Date "2016.09.25"]
[Round "4"]
[White "Marjina, Arina"]
[Black "Oljobai Kyzy, Alisa"]
[Result "1-0"]
[WhiteElo "2076"]
[BlackElo "1672"]
[PlyCount "55"]
[EventDate "2016.09.22"]
[EventType "swiss"]
[EventRounds "11"]
[EventCountry "RUS"]
[SourceTitle "EXT 2017"]
[Source "ChessBase"]
[SourceDate "2016.10.25"]
[SourceVersion "1"]
[SourceVersionDate "2016.10.25"]
[SourceQuality "1"]

1. e4 e5 2. Nf3 Nc6 3. Nc3 Bc5 4. Nxe5 Nxe5 5. d4 Bd6 6. dxe5 Bxe5 7. f4 Bxc3+ 8. bxc3 Ne7 9. Bd3 d5 10. 0-0 dxe4 11. Bxe4 Qxd1 12. Rxd1 f5 13. Bf3 Kf7 14. Ba3 Ng6 15. Re1 Rd8 16. g3 Rd2 17. h4 Be6 18. h5 Nf8 19. Rac1 c6 20. Re3 Re8 21. Rce1 Nd7 22. g4 Nb6 23. gxf5 Bd7 24. Rxe8 Bxe8 25. Re7+ Kf6 26. Rxe8 Kxf5 27. Rf8+ Ke6 28. Bg4+ 1-0

[Event "Novokuznetsk U21 op"]
[Site "Novokuznetsk"]
[Date "2014.06.19"]
[Round "8"]
[White "Marjina, Arina"]
[Black "Buts, Nikita"]
[Result "1/2-1/2"]
[WhiteElo "1957"]
[BlackElo "1961"]
[PlyCount "61"]
[EventDate "2014.06.15"]
[EventType "swiss"]
[EventRounds "9"]
[EventCountry "RUS"]
[SourceTitle "EXT 2015"]
[Source "ChessBase"]
[SourceDate "2014.11.20"]
[SourceVersion "1"]
[SourceVersionDate "2014.11.20"]
[SourceQuality "1"]

1. d4 Nf6 2. c4 e6 3. g3 d5 4. Bg2 b6 5. Nf3 Bb7 6. 0-0 Nbd7 7. Nc3 dxc4 8. Qa4 Bd6 9. Bg5 0-0 10. e4 h6 11. Bxf6 gxf6 12. Qxc4 c5 13. d5 Qe7 14. Bh3 exd5 15. Nxd5 Bxd5 16. Qxd5 Ne5 17. Nh4 Rfd8 18. Rfd1 Qc7 19. Qd2 Bf8 20. Qf4 Rxd1+ 21. Rxd1 Rd8 22. Rxd8 Qxd8 23. Nf5 Qd1+ 24. Kg2 Kh7 25. Ne3 Qd8 26. Nd5 Bg7 27. Qf5+ Kg8 28. Bg4 Nd3 29. b3 Ne1+ 30. Kf1 Nc2 31. Be2 1/2-1/2

[Event "Novokuznetsk-ch"]
[Site "Novokuznetsk"]
[Date "2013.12.01"]
[Round "5"]
[White "Marjina, Arina"]
[Black "Alimov, Alexander"]
[Result "1-0"]
[WhiteElo "1916"]
[BlackElo "1982"]
[PlyCount "129"]
[EventDate "2013.11.17"]
[EventType "swiss"]
[EventRounds "9"]
[EventCountry "RUS"]
[SourceTitle "EXT 2015"]
[Source "ChessBase"]
[SourceDate "2014.11.20"]
[SourceVersion "1"]
[SourceVersionDate "2014.11.20"]
[SourceQuality "1"]

1. d4 Nf6 2. c4 g6 3. Nf3 Bg7 4. g3 d6 5. Bg2 0-0 6. 0-0 Nc6 7. Nc3 a6 8. h3 Rb8 9. e4 b5 10. Qe2 b4 11. Nb1 e5 12. d5 Nd4 13. Nxd4 exd4 14. Bg5 h6 15. Bxf6 Qxf6 16. Qd3 Bd7 17. Nd2 c5 18. dxc6 Bxc6 19. f4 Qe7 20. Rfe1 Rbe8 21. a3 a5 22. axb4 axb4 23. Nb3 f5 24. Nxd4 Bxe4 25. Bxe4 fxe4 26. Qe3 d5 27. cxd5 Qc5 28. Ne6 Qxe3+ 29. Rxe3 Rxe6 30. dxe6 Bd4 31. Kf2 Re8 32. Ke2 Bxe3 33. Kxe3 Rxe6 34. Ra4 Rb6 35. Kxe4 Re6+ 36. Kd4 Rd6+ 37. Kc4 h5 38. Rxb4 Kg7 39. Rb5 Rd2 40. b3 Rg2 41. Rg5 h4 42. gxh4 Rf2 43. Rg4 Kf6 44. Kb5 Rf3 45. b4 Rxh3 46. Kc6 Kf5 47. Rg5+ Kxf4 48. Rxg6 Rxh4 49. b5 Kf5 50. Rd6 Ke5 51. Rd5+ Ke4 52. Rc5 Kd4 53. Kb6 Rh8 54. Rc7 Kd5 55. Kb7 Kd6 56. b6 Rh1 57. Kb8 Rh8+ 58. Rc8 Rh1 59. b7 Ra1 60. Rc2 Rh1 61. Ra2 Kc6 62. Ka7 Rh7 63. Rc2+ Kb5 64. Ka8 Ka6 65. b8Q 1-0

[Event "Novokuznetsk-ch (Women)"]
[Site "Novokuznetsk"]
[Date "2013.09.15"]
[Round "5"]
[White "Gorbacheva, Darya"]
[Black "Marjina, Arina"]
[Result "0-1"]
[WhiteElo "1735"]
[BlackElo "1911"]
[PlyCount "96"]
[EventDate "2013.09.01"]
[EventType "swiss"]
[EventRounds "7"]
[EventCountry "RUS"]
[SourceTitle "EXT 2022"]
[Source "ChessBase"]
[SourceDate "2021.10.06"]
[SourceVersion "1"]
[SourceVersionDate "2021.10.06"]
[SourceQuality "1"]

1. e4 c6 2. Nc3 d5 3. Nf3 Bg4 4. h3 Bxf3 5. Qxf3 e6 6. Bd3 d4 7. Ne2 e5 8. Bc4 Nf6 9. g4 h6 10. Ng3 b5 11. Bb3 Nbd7 12. a3 c5 13. d3 Rc8 14. 0-0 g6 15. Kg2 Bg7 16. Rh1 c4 17. Ba2 Nb6 18. Qe2 Qc7 19. Rf1 0-0 20. g5 hxg5 21. Bxg5 Nh7 22. h4 cxd3 23. cxd3 Qc2 24. Qxc2 Rxc2 25. Bc1 Nf6 26. Bb3 Rc7 27. f4 Nfd7 28. f5 Nc5 29. Ba2 gxf5 30. Nxf5 Nxd3 31. Nh6+ Bxh6 32. Bxh6 Rfc8 33. Kh1 Nc4 34. Rg1+ Kh7 35. Bg5 Nf2+ 36. Kh2 Nxe4 37. Bb1 f5 38. Rf1 Ncd6 39. Bd3 Nxg5 40. hxg5 e4 41. Be2 Rc2 42. g6+ Kg7 43. Kg3 Rxe2 44. Rh1 Kxg6 45. Rag1 Kf6 46. Kf4 Rf2+ 47. Kg3 Rf3+ 48. Kg2 Rc2# 0-1

[Event "Novokuznetsk-ch (Women)"]
[Site "Novokuznetsk"]
[Date "2013.09.14"]
[Round "4"]
[White "Marjina, Arina"]
[Black "Kheyfets, Nataliya"]
[Result "1/2-1/2"]
[WhiteElo "1911"]
[BlackElo "1859"]
[PlyCount "126"]
[EventDate "2013.09.01"]
[EventType "swiss"]
[EventRounds "7"]
[EventCountry "RUS"]
[SourceTitle "EXT 2022"]
[Source "ChessBase"]
[SourceDate "2021.10.06"]
[SourceVersion "1"]
[SourceVersionDate "2021.10.06"]
[SourceQuality "1"]

1. d4 d5 2. Nf3 e6 3. g3 Bd6 4. Bg2 c6 5. 0-0 Nd7 6. b3 f5 7. c4 Ngf6 8. e3 0-0 9. Bb2 Ne4 10. Nc3 Qf6 11. Qc2 Kh8 12. c5 Bc7 13. b4 g5 14. a4 Nxc3 15. Bxc3 f4 16. exf4 gxf4 17. b5 Qh6 18. Qe2 Nf6 19. Ne5 Bxe5 20. Qxe5 Kg8 21. gxf4 Rf7 22. Qg5+ Qg7 23. Rfe1 Bd7 24. bxc6 bxc6 25. Rab1 Bc8 26. Re2 h6 27. Qxg7+ Rxg7 28. Kh1 Nh5 29. Bd2 Rf7 30. Bh3 Nxf4 31. Bxf4 Rxf4 32. Bxe6+ Bxe6 33. Rxe6 Rxf2 34. Rxc6 Re8 35. Rxh6 Ree2 36. Rc1 Kg7 37. Rh4 Ra2 38. Kg1 Rg2+ 39. Kh1 Rgf2 40. Rh5 Kg6 41. Rh8 Kg7 42. Rh3 Kf7 43. c6 Rac2 44. Rxc2 Rxc2 45. c7 Kg6 46. Rb3 Rxc7 47. Rb5 Rd7 48. Kg2 Kf5 49. Kf3 Ke6 50. Ra5 Rh7 51. Ra6+ Kf5 52. Rd6 Rxh2 53. Rxd5+ Ke6 54. Ra5 Rh7 55. Ke4 Rh4+ 56. Kd3 Rh7 57. Kc4 Rc7+ 58. Rc5 Rb7 59. Rc6+ Kd7 60. Rh6 Rb1 61. Rh7+ Kc6 62. Rxa7 Rc1+ 63. Kb3 Rd1 1/2-1/2

[Event "Novokuznetsk op"]
[Site "Novokuznetsk"]
[Date "2013.08.12"]
[Round "2"]
[White "Tsvetkov, Yury"]
[Black "Marjina, Arina"]
[Result "1-0"]
[WhiteElo "1674"]
[BlackElo "1910"]
[PlyCount "101"]
[EventDate "2013.08.11"]
[EventType "swiss"]
[EventRounds "9"]
[EventCountry "RUS"]
[SourceTitle "CBM 156 Extra"]
[Source "ChessBase"]
[SourceDate "2013.10.22"]
[SourceVersion "1"]
[SourceVersionDate "2013.10.22"]
[SourceQuality "1"]

1. e4 c6 2. d4 d5 3. Nc3 dxe4 4. Nxe4 Nd7 5. Bc4 e6 6. Bg5 Ngf6 7. Nf3 Qa5+ 8. Bd2 Qb6 9. Nxf6+ Nxf6 10. 0-0 Be7 11. Qe1 Qxb2 12. Bb3 Qa3 13. c4 Qd6 14. c5 Qd8 15. Rd1 0-0 16. Qe5 Nd5 17. Qg3 Qc7 18. Ne5 Bf6 19. Bc2 Bxe5 20. dxe5 Ne7 21. h4 Kh8 22. Qd3 g6 23. Bh6 Re8 24. f4 Qa5 25. Bg5 Qxc5+ 26. Kh2 Nd5 27. Rf3 Kg7 28. h5 Qb5 29. Qe4 Qb4 30. Rd4 Qc5 31. Rc4 Qa5 32. Rg3 Kf8 33. hxg6 fxg6 34. Rh3 Qc7 35. Qd4 Kg8 36. Rh6 Qf7 37. Qf2 Qg7 38. Qg3 Ne7 39. Bxe7 Qxh6+ 40. Bh4 Rd8 41. Kg1 Rd7 42. Bf6 b6 43. Rxc6 Bb7 44. Rxe6 Rc8 45. Qf2 Qf8 46. Bb3 Rc1+ 47. Kh2 Qh6+ 48. Bh4 Kg7 49. Re8 Bd5 50. e6 Bxb3 51. Qb2+ 1-0